Surveying: principles and applications (Record no. 66568)

MARC details
000 -LEADER
fixed length control field 00548nam a22002057a 4500
003 - CONTROL NUMBER IDENTIFIER
control field PK-NaQUE
005 - DATE AND TIME OF LATEST TRANSACTION
control field 20241219141550.0
008 - FIXED-LENGTH DATA ELEMENTS--GENERAL INFORMATION
fixed length control field 241219b ||||| |||| 00| 0 eng d
020 ## - INTERNATIONAL STANDARD BOOK NUMBER
International Standard Book Number 9789353062460
040 ## - CATALOGING SOURCE
Transcribing agency QUEST
082 ## - DEWEY DECIMAL CLASSIFICATION NUMBER
Classification number 526.9KAV
100 ## - MAIN ENTRY--PERSONAL NAME
Personal name Kavanagh, Barry
245 ## - TITLE STATEMENT
Title Surveying: principles and applications
260 ## - PUBLICATION, DISTRIBUTION, ETC. (IMPRINT)
Place of publication, distribution, etc New Delhi:
Name of publisher, distributor, etc Pearson Education,
Date of publication, distribution, etc 2018.
300 ## - PHYSICAL DESCRIPTION
Extent 573p. ;
650 ## - SUBJECT ADDED ENTRY--TOPICAL TERM
Topical term or geographic name as entry element Surveying
700 ## - ADDED ENTRY--PERSONAL NAME
Personal name Mastin, Tom
856 ## - ELECTRONIC LOCATION AND ACCESS
Uniform Resource Identifier <a href="http://10.10.170.122:8080/browse/book/12774">http://10.10.170.122:8080/browse/book/12774</a>
Link text eBook
942 ## - ADDED ENTRY ELEMENTS (KOHA)
Koha item type Books
Source of classification or shelving scheme Dewey Decimal Classification
Holdings
Withdrawn status Lost status Source of classification or shelving scheme Damaged status Not for loan Home library Current library Date acquired Cost, normal purchase price Total Checkouts Full call number Barcode Date last seen Koha item type
    Dewey Decimal Classification     Reference Section Reference Section 17/11/2020 908.00   526.9KAV (Shelf-31E) 58196 17/11/2020 Books
          Reference Section Reference Section 18/11/2020 1543.00   526.9KAV (Shelf - 31E) 58401 18/11/2020 Books
          Reference Section Reference Section 18/11/2020 1543.00   526.9KAV (Shelf - 31E) 58402 18/11/2020 Books